000 01483nac a22002177a 4500
999 _c7302
_d7302
003 OSt
005 20200904020232.0
008 200904b sp ||||| |||| 00| 0 cat d
040 _bcat
_cCDMR
100 _94642
_aNadal Gaya, Carlos
_d1924-2010
_ecreador
245 1 _aFons Carlos Nadal Gaya
260 _c1941 - 2009 (predomina de 1980 - 2009)
300 _a7 unitats d'instal·lació de documentació textual
520 _aObra creativa, tant poètica com narrativa. Documentació de l'àmbit familiar com la recerca sobre les diverses branques de la família Nadal, amb els respectius arbres genealògics duta a terme per Jaime Nadal Aixala. Documentació sobre la figura d'Eugenio Nadal i Santiago Nadal. Recull de la seva col·laboració a La Vanguardia. Correspondència diversa que aplega les felicitacions rebudes arran de la concessió del premi Godó i un seguit de unitats documentals que recullen la relació epistolar amb diferents emissors. Sèrie d'activitat de representació que inclou tant les entrevistes sobre la seva trajectòria vital publicades als mitjans com la participació en homenatges, presentacions i participació en diferents esdeveniments
524 _aSant Cugat del Vallés, Arxiu Nacional de Catalunya, Fons Carlos Nadal Gaya
600 4 _94642
_aNadal Gaya, Carlos
_xarxius
600 4 _94642
_aNadal Gaya, Carlos
_xBiografia
650 4 _92400
_aPeriodistes
_xArxius
_zBarcelona
942 _cMON
_2udc